Мага уводит стаю: повести о жизни животных; для среднего и старшего школьного возраста

Bibliographische Detailangaben
1. Verfasser: Потиевский В. А. Виктор Александрович
Weitere Verfasser: Горбатов В. (иллюстратор)
Sprache:Russisch
Veröffentlicht: Петрозаводск, Карелия, 1989
Schlagworte:
Format: Buch
KOHA link:https://koha.lib.tpu.ru/cgi-bin/koha/opac-detail.pl?biblionumber=155169

MARC

LEADER 00000nam0a2200000 4500
001 155169
005 20231031152224.0
010 |a 5754501706 
020 |a RU  |b 89-49230 
035 |a (RuTPU)RU\TPU\book\168325 
090 |a 155169 
100 |a 20090312d1989 de y0rusy5003 ca 
101 0 |a rus 
102 |a RU 
105 |a a z 000ay 
200 1 |a Мага уводит стаю  |e повести о жизни животных  |e для среднего и старшего школьного возраста  |f В. А. Потиевский  |g худож. В. Горбатов 
210 |a Петрозаводск  |c Карелия  |d 1989 
215 |a 336 с.  |c ил.  |d 21 см 
610 1 |a Животные 
610 1 |a детская литература 
610 1 |a повести 
675 |a Р2  |z rus 
700 1 |a Потиевский  |b В. А.  |g Виктор Александрович  |4 070 
702 1 |a Горбатов  |b В.  |4 440 
801 0 |a RU  |b RuMRKP  |c 19950417  |g psbo 
801 1 |a RU  |b 63413507  |c 20090312  |g PSBO 
801 2 |a RU  |b 63413507  |c 20090312  |g PSBO 
942 |c BK